• 首页
  • 本馆介绍
  • 公告通知
  • 最新文献
  • 馆藏检索
  • 电子资源
  • 读者导购
  • 参考咨询
  • 我的图书馆
  • 登录
  • 详细信息显示
  • 放入我的书架
  • 预约/预借图书
  • 作者相关作品
  • 分类相关作品
  • 丛书相关作品
  • 出版社相关作品

书目信息

  • 表格格式
  • 工作单格式
  • 卡片格式
题名:
高级护理英语教程
    
 
作者: 庹焱 主编
分册:   阅读分册
出版信息: 上海   上海科学技术出版社  2005
页数: 140页
开本: 23cm
丛书名:
单 册:
中图分类: H319.4
科图分类:
主题词: 护理学--英语--阅读教学--教材 , 护理学 , 护理学--英语--教材 , 阅读教学 , 英语
电子资源:
ISBN: 7-5323-8041-6
000 01382nam0 2200361 450
000 01345nam0 2200349 450
000 01365nam0 2200373 450
000 01311nam0 2200349 450
000 01307nam0 2200337 450
000 01270nam0 2200325 45
001 TS-213834
005 20061206162942.12
010    @a7-5323-8041-6@dCNY16.00
100    @a20060829d2005 em y0chiy0110 ea
101 0  @achi@aeng
102    @aCN@b310000
105    @ay z 000yy
200 1  @a高级护理英语教程@Agao ji hu li ying yu jiao cheng@i阅读分册@dAdvanced English course for nursing professionals@iReading section@f庹焱主编@zeng
210    @a上海@c上海科学技术出版社@d2005
215    @a140页@d23cm
330    @a本书是一本专为护理人员编写的英文阅读资料,共分10个单元。第一单元主要介绍现代护理的创始人南丁格尔的事迹。第二单元介绍现代护理的热点问题。第三至第十单元分别介绍老年护理、妇幼保健、社区护理、康复护理等内容。
510 1  @aAdvanced English course for nursing professionals@iReading section@zeng
606 0  @a护理学@x英语@x阅读教学@x教材
606 0  @a护理学
606 0  @a护理学@x英语@x教材
606 0  @a阅读教学
606 0  @a英语
690    @aH319.4@v4
701  0 @a庹焱@Atuo yan@4主编
801  0 @aCN@b中图数据@c20061206
905    @a10447@dH31@e1111
    
    高级护理英语教程.阅读分册=Advanced English course for nursing professionals.Reading section/庹焱主编.-上海:上海科学技术出版社,2005
    140页;23cm
    
    
    ISBN 7-5323-8041-6:CNY16.00
    本书是一本专为护理人员编写的英文阅读资料,共分10个单元。第一单元主要介绍现代护理的创始人南丁格尔的事迹。第二单元介绍现代护理的热点问题。第三至第十单元分别介绍老年护理、妇幼保健、社区护理、康复护理等内容。
●
相关链接 在E读中查询图书 在五车中查询图书 在当当中查询图书 在豆瓣中查询图书


正题名:高级护理英语教程     索取号:H31/1111         预约/预借

序号 登录号 条形码 馆藏地/架位号 状态 备注
1 0615840   206158405   第二样本阅览室/ [索取号:H31/1111] 在馆    
2 0615841   206158414   第四借阅区/ [索取号:H31/1111] 在馆    
3 0615842   206158423   第四借阅区/ [索取号:H31/1111] 在馆    
唐山师范学院图书馆 欢迎您!
大连网信软件有限公司© 版权所有